Poesias (Registro nro. 63495)

Detalles MARC
001 - NÚMERO DE CONTROL
campo de control 78503
005 - FECHA Y HORA DE LA ÚLTIMA TRANSACCIÓN
campo de control 20260506072412.0
008 - DATOS DE LONGITUD FIJA--INFORMACIÓN GENERAL
campo de control de longitud fija 960313s1880 spa
035 ## - NÚMERO DE CONTROL DEL SISTEMA
Número de control de sistema 78503
035 ## - NÚMERO DE CONTROL DEL SISTEMA
Número de control de sistema (OCoLC)778213563
040 ## - FUENTE DE LA CATALOGACIÓN
Centro/agencia transcriptor comduadb
041 ## - CÓDIGO DE LENGUA
Código de lengua del texto/banda sonora o título independiente spa
080 ## - NÚMERO DE LA CLASIFICACIÓN DECIMAL UNIVERSAL
Número de la Clasificación Decimal Universal C/
100 10 - ENTRADA PRINCIPAL--NOMBRE DE PERSONA
Nombre de persona Ortiz Rojas, Jose Joaquin
Código de función aut
Término indicativo de función/relación Autor/a
9 (RLIN) 345891
245 10 - MENCIÓN DE TÍTULO
Título Poesias
260 ## - PUBLICACIÓN, DISTRIBUCIÓN, ETC.
Lugar de publicación, distribución, etc. Bogotá :
Nombre del editor, distribuidor, etc. Imprenta de Echeverria,
Fecha de publicación, distribución, etc. 1880.
300 ## - DESCRIPCIÓN FÍSICA
Extensión 237 páginas
856 4# - LOCALIZACIÓN Y ACCESO ELECTRÓNICOS
Identificador Uniforme del Recurso <a href="http://openlibrary.org/books/OL6284365M/Poesi%CC%81as_de_Jose%CC%81_Joaqui%CC%81n_Ortiz.">http://openlibrary.org/books/OL6284365M/Poesi%CC%81as_de_Jose%CC%81_Joaqui%CC%81n_Ortiz.</a>
942 ## - ELEMENTOS DE ENTRADA AGREGADA (KOHA)
Tipo de ítem Koha Libros
Existencias
Estado de retiro Estado de pérdida Estado dañado No para préstamo Código de colección Localización permanente Ubicación/localización actual Fecha de adquisición Número de inventario Total de préstamos Signatura topográfica completa Código de barras Fecha visto por última vez Número de copia Precio válido a partir de Tipo de ítem Koha
        Colección Patrimonio Documental. Piso 4 Biblioteca Carlos Gaviria Díaz, Campus Medellín Biblioteca Carlos Gaviria Díaz, Campus Medellín 21/05/1998 C124813   C861 077p 61000002362438 21/04/2023 1 21/04/2023 Libros - Reserva
        Colección Patrimonio Documental. Piso 4 Biblioteca Carlos Gaviria Díaz, Campus Medellín Biblioteca Carlos Gaviria Díaz, Campus Medellín 21/05/1998 C124814   C861 077p e2 61000002362446 21/04/2023 2 21/04/2023 Libros - Reserva